Löffler si posvietil na Rotundu. Vystavuje i košické fotografie od Jirouškovcov

Bibliographic Details
Main Author: Bercik Nitkulincová, Andrea (Author)
Format: Article
Language:Slovak
PhysicalDescription:Fotografie
ISSN:1338-7073
Subjects:
Online Access:http://zajtrajsienoviny.sk/2019/06/loffler-si-posvietil-na-rotundu-vystavuje-i-kosicke-fotografie-od-jirouskovcov/

MARC

LEADER 00000nab a2200000u 4500
001 vtls011880015
003 SK-MaSNL
005 20260410124912.0
008 190802|2019 xo ||||||| || ||slo|
038 |a KEVKJB 
040 |a KEVKJB  |b slo  |e rda 
041 0 |a slo 
043 |a e-xo--- 
044 |a xo  |c SK 
072 7 |a 069  |x Múzeá. Muzeológia. Múzejníctvo. Výstavy  |2 konspekt 
080 |a 069  |2 2011 
100 1 |a Bercik Nitkulincová, Andrea  |4 aut  |9 1636627 
245 1 0 |a Löffler si posvietil na Rotundu. Vystavuje i košické fotografie od Jirouškovcov  |c Andrea Bercik 
300 |b Fotografie 
336 |a text  |b txt  |2 rdacontent 
337 |a bez média  |b n  |2 rdamedia 
338 |a zväzok  |b nc  |2 rdacarrier 
610 2 7 |a Múzeum Vojtecha Löfflera  |2 kevkjb  |9 234955 
648 7 |a 2019  |2 kevkjb  |9 350886 
650 0 7 |a výstavy  |2 kevkjb  |9 2780 
651 7 |a Košice (Slovensko)  |2 kevkjb  |9 18694 
773 0 |t Zajtrajšie noviny  |g Roč. VIII, č. 12 (2019), s. 6  |x 1338-7073 
852 |a KEVKJB  |b KIS3GCP 
856 4 1 |u http://zajtrajsienoviny.sk/2019/06/loffler-si-posvietil-na-rotundu-vystavuje-i-kosicke-fotografie-od-jirouskovcov/ 
999 |c 2251997  |d 2253927